00585nam a2200181Ia 450000500170000000800410001704000190005804100120007708200160008910000180010524500700012326000410019330000340023444000510026850400500031965000240036985000100039320230515111622.0131103s9999 xx 000 0 und d aLoreto College aEnglish a330.19bMYR aMyrdal,Gunner aAsian dramab an inquiry into the poverty nations cGunnar Myrdal aHarmondsworthbPenguin Bookscc 1968 a3 V.(xxx,2284 p.)b ill.,fig. aA Twentieth Century Fund Study; no 981,982,983 aIncludes bibliographical references and index aEconomics - Poverty aLCLIB